| 000 | 003440000a22000970004500 | ||
|---|---|---|---|
| 100 | 1 | _aHahn, Eberhard (1953- ) | |
| 245 | 1 | 0 | _aRapprochement between the Roman catholic and protestan churches in the doctrine of justification : Danger or hope? |
| 300 | _aVol. 7, Núm 1 (1998), Páginas 9-14 | ||
| 773 | 0 | _tEuropean Journal of Theology | |
| 942 | _cANA | ||
| 999 |
_c54010 _d54010 |
||